Contexto social y cultural de la discriminación de género /
GENERO/MASCULINIDAD/DISCRIMINACION BASADA EN EL GENERO/EDUCACION
Uloženo v:
| Hlavní autor: | |
|---|---|
| Médium: | Text |
| Tagy: |
Přidat tag
Žádné tagy, Buďte první, kdo vytvoří štítek k tomuto záznamu!
|
MARC
| LEADER | 00000 a a2200000 04500 | ||
|---|---|---|---|
| 001 | 41301 | ||
| 003 | |||
| 040 | |||
| 100 | |a Muñoz Villalobos, Vernor | ||
| 245 | |a Contexto social y cultural de la discriminación de género / |c Vernor Muñoz Villalobos | ||
| 500 | |a Este artículo hace referencia al contexto social y cultural de la discriminación de género en la educación, lo relacionado con el patriarcalismo, los cambios culturales así como la masculinidad. | ||
| 520 | |a GENERO/MASCULINIDAD/DISCRIMINACION BASADA EN EL GENERO/EDUCACION | ||
| 773 | |g volumen14, número7 ( , 2007), páginas 111-113 | ||
| 999 | |c 30842 |d 30842 | ||
